Baby Names: 'S' Boy Names by Decade Quiz Stats

Quiz Updated Apr 14, 2017

Challenge
Share
Tweet
Embed
Score 0/112 Timer 08:00
2 Plays Today
Decade Names % Correct
1880sSam
94%
1890sSam
94%
1900sSam
94%
1910sSam
94%
1920sSam
94%
1930sSam
94%
1940sSam
94%
1900sSteve
89%
1910sSteve
89%
1920sSteve
89%
1930sSteve
89%
1940sSteve
89%
1950sSteve
89%
1960sSteve
89%
1970sSteve
89%
1880sSamuel
86.9%
1890sSamuel
86.9%
1900sSamuel
86.9%
1910sSamuel
86.9%
1920sSamuel
86.9%
1930sSamuel
86.9%
1940sSamuel
86.9%
1950sSamuel
86.9%
1960sSamuel
86.9%
1980sSamuel
86.9%
1970sSamuel
86.9%
1990sSamuel
86.9%
2000sSamuel
86.9%
1880sStephen
85.3%
1890sStephen
85.3%
1900sStephen
85.3%
1910sStephen
85.3%
1920sStephen
85.3%
1930sStephen
85.3%
1940sStephen
85.3%
1950sStephen
85.3%
1960sStephen
85.3%
1970sStephen
85.3%
Decade Names % Correct
1980sStephen
85.3%
1990sStephen
85.3%
2000sStephen
85.3%
1940sSteven
81.9%
1950sSteven
81.9%
1960sSteven
81.9%
1970sSteven
81.9%
1980sSteven
81.9%
1990sSteven
81.9%
2000sSteven
81.9%
1960sSean
72.7%
1970sSean
72.7%
1980sSean
72.7%
1990sSean
72.7%
2000sSean
72.7%
1960sShawn
62.4%
1970sShawn
62.4%
1980sShawn
62.4%
1990sShawn
62.4%
2000sShawn
62.4%
1880sStanley
54.3%
1890sStanley
54.3%
1900sStanley
54.3%
1910sStanley
54.3%
1920sStanley
54.3%
1930sStanley
54.3%
1940sStanley
54.3%
1950sStanley
54.3%
1960sStanley
54.3%
1940sScott
52.6%
1950sScott
52.6%
1960sScott
52.6%
1970sScott
52.6%
1980sScott
52.6%
1990sScott
52.6%
1880sSimon
51.4%
1890sSimon
51.4%
1940sStuart
43.3%
Decade Names % Correct
1950sStuart
43.3%
1960sStuart
43.3%
1980sSeth
42.7%
1990sSeth
42.7%
2000sSeth
42.7%
1940sSammy
42.2%
1970sShaun
41.5%
1980sShaun
41.5%
1960sShane
39.6%
1970sShane
39.6%
1980sShane
39.6%
1990sShane
39.6%
2000sShane
39.6%
1880sSidney
33.1%
1890sSidney
33.1%
1900sSidney
33.1%
1910sSidney
33.1%
1920sSidney
33.1%
1930sSidney
33.1%
1940sSidney
33.1%
2000sSebastian
27%
1880sSylvester
24.1%
1890sSylvester
24.1%
1900sSylvester
24.1%
1910sSylvester
24.1%
1980sSpencer
22.3%
1990sSpencer
22.3%
2000sSpencer
22.3%
1880sSilas
19.2%
1910sSalvatore
19%
1920sSalvatore
19%
1930sSalvatore
19%
1890sSherman
14.9%
1990sSergio
14.7%
2000sSergio
14.7%
1970sShannon
13.7%

You're not logged in!

Compare scores with friends on all Sporcle quizzes.
Sign Up with Email
OR
Log In

You Might Also Like...

Show Comments

Extras

Top Quizzes Today


Score Distribution

Your Account Isn't Verified!

In order to create a playlist on Sporcle, you need to verify the email address you used during registration. Go to your Sporcle Settings to finish the process.